00632cam a2200193 a 450000100100000000500170001000800410002704000300006808200180009810000280011624500450014426000640018930000200025349000330027358600470030665000240035365000260037783000350040300001006820200929161828.0730907s1968 sp 001 0 spa  aDO-SdBNPbspacDLCdBNPHU a861.64bD946d1 aDuque, Aquilino,d1931-10aDe palabra en palabra /cAquilino Duque. aMadrid, (España) :bEdiciones Cultura Hispánica,c1968. a78 p. ;c21 cm.1 aPoética Leopoldo Panerov9 aPremio de Poesía "Leopoldo Panero" 1967. 4aPoesía española 4aLiteratura española 0aPoética Leopoldo Panero ;v9